000 00674cam a22002413a 4500
001 2076
003 PGUSA
005 20140828083010.0
008 060326s2006||||xxu|||||s|||||000 | eng d
040 _aPGUSA
_beng
042 _adc
050 4 _aDS
100 1 _aGiles, Herbert Allen,
_d1845-1935
245 1 4 _aThe Civilization of China
_h[electronic resource] /
_cHerbert Allen Giles
260 _bProject Gutenberg,
_c2006
506 _aPublic domain in the USA.
516 _aElectronic text
653 _aChina -- Civilization
653 _aChina -- History
830 0 _aProject Gutenberg
_v2076
856 4 0 _uhttp://www.gutenberg.org/ebooks/2076
942 _cEB
999 _c231415
_d231415